| 000 | 00665cam a22002294a 4500 | ||
|---|---|---|---|
| 003 | UPN | ||
| 005 | 20240910063909.0 | ||
| 008 | 090203s2001 es r 000 f spa d | ||
| 020 | _a8489804370 | ||
| 035 | _aUPN01000168712 | ||
| 040 |
_aUPN _bspa _cUPN |
||
| 049 | _aCG | ||
| 050 | 4 |
_aPT2678 I3.4 _bD5.2 |
|
| 100 | 1 |
_aRichter, Jutta, _d1955- _943431 |
|
| 245 | 1 | 3 |
_aEl día en el que aprendí a domar arañas / _cJutta Richter ; traducido del alemán por L. Rodríguez López. |
| 260 |
_aSalamanca, Esp. : _bLóguez, _c2001. |
||
| 300 | _a91 p. | ||
| 490 | 0 | _aLa joven | |
| 650 | 4 |
_aLiteratura juvenil alemana _912357 |
|
| 905 | _aLibro | ||
| 942 |
_2lcc _cLIBRO |
||
| 999 |
_c140818 _d140818 |
||